[Event "MARIENBAD OPEN 2019 - D - Open Seniors"]
[Site "Polonia hotel, Marianske Lazne"]
[Date "2019.01.21"]
[Round "3"]
[White "Stokes, Paul C"]
[Black "Berka, Lubos"]
[Result "1/2-1/2"]
[WhiteElo "1857"]
[BlackElo "1759"]
[PlyCount "64"]
[EventDate "2019.01.19"]

1. e4 c6 2. Nc3 d5 3. Nf3 Bg4 4. h3 Bxf3 5. Qxf3 e6 6. d3 Qf6 7. Qe2 Qd8 8. g3
d4 9. Nb1 e5 10. Bg2 Bd6 11. Nd2 Nf6 12. O-O Nbd7 13. Nc4 Be7 14. a4 Nb6 15. b3
Nxc4 16. bxc4 O-O 17. Rb1 b6 18. f4 h6 19. f5 Nh7 20. h4 c5 21. Bd2 Kh8 22. Be1
Bd6 23. g4 Be7 24. Bg3 Bxh4 25. Bxe5 Bg5 26. Bf4 Bxf4 27. Rxf4 Qc7 28. e5 Rae8
29. Re1 f6 30. Re4 Ng5 31. e6 Nxe4 32. Bxe4 Re7 1/2-1/2

[Event "MARIENBAD OPEN 2019 - D - Open Seniors"]
[Site "Polonia hotel, Marianske Lazne"]
[Date "2019.01.21"]
[Round "3"]
[White "Panos, Jan"]
[Black "Svec, Jan"]
[Result "1/2-1/2"]
[WhiteElo "1846"]
[BlackElo "1722"]
[PlyCount "70"]
[EventDate "2019.01.19"]

1. d4 Nf6 2. Bf4 g6 3. Nc3 c6 4. e4 Bg7 5. Qd2 O-O 6. O-O-O d5 7. f3 Nbd7 8. g4
Ne8 9. exd5 Qa5 10. dxc6 bxc6 11. Bc4 Ba6 12. Bb3 c5 13. dxc5 Nxc5 14. Kb1 Nxb3
15. axb3 Nf6 16. Nge2 Bb7 17. Rhf1 Rad8 18. Qe3 Rxd1+ 19. Rxd1 e6 20. b4 Qa6
21. b5 Qa5 22. Be5 Nd5 23. Nxd5 Bxd5 24. Nc3 Bxe5 25. Nxd5 Bxb2 26. Ne7+ Kg7
27. Kxb2 Qb4+ 28. Qb3 Qxe7 29. Qc3+ Kg8 30. Qd4 Qb7 31. Qd3 a6 32. c4 axb5 33.
cxb5 Rc8 34. Rc1 Qb8 35. Rc2 Qe5+ 1/2-1/2

[Event "MARIENBAD OPEN 2019 - A1 - GM"]
[Site "Polonia hotel, Marianske Lazne"]
[Date "2019.01.22"]
[Round "4"]
[White "Rakesh, Kumar Jena"]
[Black "Voloshin, Leonid"]
[Result "1-0"]
[WhiteElo "2426"]
[BlackElo "2381"]
[EventDate "2019.01.19"]

1. d4  Nf6  2. Bf4  g6
3. Nc3  d5  4. e3
c6  5. Nf3  Bg4
6. h3  Bxf3  7. Qxf3  Bg7
8. O-O-O  O-O  9. g4
b5  10. Bd3  b4
11. Ne2  Nbd7  12. h4  c5
13. g5  Nh5  14. Qxd5
cxd4  15. Nxd4  Nxf4
16. exf4  Qc7  17. Kb1
Qxf4  18. Nc6  Ne5
19. Nxe7+  Kh8  20. h5
Rae8  21. Nxg6+  fxg6
22. hxg6  h6  23. gxh6
Bxh6  24. Qb7  Nf7
25. Rdg1  Rg8  26. Rxh6+
Qxh6  27. Rh1  Re1+
28. Rxe1  Nd6  29. Rh1
Nxb7  30. Rxh6+  Kg7
31. Rh7+  Kf6  32. Rf7+
Kg5  33. Rxb7  Re8
34. b3  1-0

[Event "MARIENBAD OPEN 2019 - A1 - GM"]
[Site "Polonia hotel, Marianske Lazne"]
[Date "2019.01.22"]
[Round "4"]
[White "Makarian, Rudik"]
[Black "Chernyshov, Konstantin"]
[Result "0-1"]
[WhiteElo "2354"]
[BlackElo "2500"]
[EventDate "2019.01.19"]

1. g3  e5  2. Bg2  c5
3. c4  Nc6  4. Nc3
d6  5. d3  g6
6. Nf3  Bg7  7. O-O  Nge7
8. Rb1  O-O  9. a3
f5  10. Bg5  h6
11. Bxe7  Qxe7  12. b4  Kh7
13. Ne1  Be6  14. Nc2
Rac8  15. Ne3  b6
16. Ned5  Qd7  17. b5
Na5  18. e3  e4
19. dxe4  Nxc4  20. Qe2  Nxa3
21. Rb3  Bxc3  22. Rxa3
Bxd5  23. exd5  Bg7
24. Qc4  Rc7  25. Re1
Qf7  26. Ra2  Re7
27. f4  Rfe8  28. Qd3
Qf6  29. Kf2  Kh8
30. h4  h5  31. Ree2
Kh7  32. Ra4  Qf7
33. Bf3  Kh6  34. Kg2
Rc8  35. Qc2  Rce8
36. Qd3  Bf6  37. Kf2
Rc8  38. Kg2  Qe8
39. Qb3  Bd4  40. Kf2
c4  41. Qa3  Bc5
42. Qc3  a5  43. Raa2
Kh7  44. Qf6  Rcc7
45. Kg2  Rxe3  46. Kh3
Qe7 0-1

[Event "MARIENBAD OPEN 2019 - A1 - GM"]
[Site "Polonia hotel, Marianske Lazne"]
[Date "2019.01.22"]
[Round "4"]
[White "Ajay Krishna, S"]
[Black "Oboladze, Luka"]
[Result "0-1"]
[WhiteElo "2289"]
[BlackElo "2295"]
[EventDate "2019.01.19"]

1. Nf3  c5  2. c4  Nc6
3. Nc3  g6  4. e3
Nf6  5. d4  cxd4
6. exd4  d5  7. cxd5
Nxd5  8. Qb3  Nxc3
9. Bc4  e6  10. bxc3
Bg7  11. Ba3  Bf8
12. Bxf8  Kxf8  13. O-O
Kg7  14. Qb2  b6
15. Rfe1  Bb7  16. Bf1
Qf6  17. a4  Rhc8
18. c4  Rc7  19. Ne5
Rd8  20. Rad1  Nxe5
21. dxe5  Qg5  22. Rd6
Rdc8  23. a5  bxa5
24. Qb5  a6  25. Qb6
a4  26. Rd3  Ba8
27. Rg3  Qd2  28. Rge3
a5  29. R3e2  Qb4
30. Qe3  Rxc4  31. Qg5
Rf4  32. Re3  h6
33. Qg3  Rg4  34. Qh3
Rh4  35. Qg3  Qf4
36. Ra3  Qxg3  37. hxg3
Rb4  38. Rea1  Rc5
39. f4  Bc6  40. Be2
g5  41. Rf1  Rb3
42. Ra2  Rxg3  43. Bh5
Be8  44. f5  exf5
45. Re1  Rgc3  46. e6
Rc1  47. Rae2  Rxe1+
48. Rxe1  Kf6  49. Kf2
Rc2+  50. Kg3  Rc6
51. exf7  Bxf7  52. Bxf7
Kxf7  53. Re5  f4+
54. Kg4  Ra6  55. Rc5
a3  56. Rc3  a2
57. Ra3  a4  58. Rxa2  a3
59. Kh5  Kg7  0-1

[Event "MARIENBAD OPEN 2019 - A1 - GM"]
[Site "Polonia hotel, Marianske Lazne"]
[Date "2019.01.22"]
[Round "4"]
[White "Cernousek, Lukas"]
[Black "Simek, Petr (86)"]
[Result "1-0"]
[WhiteElo "2427"]
[BlackElo "2330"]
[EventDate "2019.01.19"]

1. e4  e5  2. Nf3  Nc6
3. Bb5  a6  4. Ba4
Nf6  5. O-O  Be7
6. Re1  b5  7. Bb3
O-O  8. c3  d5
9. exd5  Nxd5  10. Nxe5  Nxe5
11. Rxe5  c6  12. d4
Bd6  13. Re1  Qh4
14. g3  Qh3  15. Qe2
Bg4  16. Qf1  Qh5
17. Nd2  Rae8  18. Rxe8
Rxe8  19. f3  Bh3
20. Qf2  Bf5  21. Nf1
Qg6  22. Bxd5  cxd5
23. Ne3  Bd3  24. Bd2
h5  25. Re1  Rd8
26. Ng2  a5  27. Bf4
Bf8  28. Bc7  Rc8
29. Nf4  Rxc7  30. Nxg6
Bxg6  31. Re5  b4
32. Qe3  bxc3  33. bxc3
Rb7  34. Rxd5  Rb1+
35. Kg2  Ba3  36. Rd8+
Kh7  37. Qe8  Bd3
38. Qxf7  Rb2+  39. Kg1
Rb1+  40. Kf2  Rf1+
41. Kg2  1-0

[Event "MARIENBAD OPEN 2019 - A2 - GM"]
[Site "Polonia hotel, Marianske Lazne"]
[Date "2019.01.22"]
[Round "4"]
[White "Swicarz, Maciej"]
[Black "Kulkarni, Bhakti"]
[Result "1/2-1/2"]
[WhiteElo "2331"]
[BlackElo "2303"]
[EventDate "2019.01.19"]

1. e3  d5  2. f4  Nf6
3. Nf3  g6  4. b3
Bg7  5. Bb2  c5
6. Bb5+  Bd7  7. Be2  Nc6
8. O-O  O-O  9. Ne5
Ne4  10. d3  Nd6
11. g4  d4  12. Nxd7
Qxd7  13. e4  g5
14. fxg5  Qe6  15. Nd2
Ne5  16. Kh1  f6
17. gxf6  Bxf6  18. Rg1
Bg5  19. Nf1  Ng6
20. Ng3  Be3  21. Rf1
Rxf1+  22. Bxf1  Bf4
23. Nh5  Be3  24. Ng3
Bf4  25. c3  Nb5
26. cxd4  cxd4  27. Nf5
Rc8  28. Bg2  Qf6
29. e5  Qxe5  30. Bxb7
Rc7  31. Be4 Bxh2  32. Rc1
Nc3  33. Qf3  Bf4
34. Bxc3  Rxc3  35. Rxc3
dxc3  36. d4  Qc7
37. Bc2  e6  38. Ne3
Qg7  39. Bxg6  Qh6+
40. Bh5  Bxe3  41. Qf7+
Kh8  42. Qe8+  Kg7
43. Qd7+  Kg8  44. Qc8+
Kg7  45. Qc7+  Kf6
46. Qd8+ 1/2-1/2

[Event "MARIENBAD OPEN 2019 - A2 - GM"]
[Site "Polonia hotel, Marianske Lazne"]
[Date "2019.01.22"]
[Round "4"]
[White "Vokac, Marek"]
[Black "Yeritsyan, Aram"]
[Result "0-1"]
[WhiteElo "2380"]
[BlackElo "2349"]
[EventDate "2019.01.19"]

1. Nf3  Nf6  2. g3  b5
3. a4  b4  4. Bg2
Bb7  5. O-O  e6
6. d3  d6  7. e4  c5
8. Nbd2  Be7  9. Re1
Nbd7  10. Nc4  O-O
11. Bf4  d5  12. exd5
Bxd5  13. a5  Rc8
14. c3  Nb8  15. Nfe5
Nc6  16. Nxc6  Rxc6
17. Bxd5  Nxd5  18. Bd2
Bf6  19. Qb3  Qc7
20. cxb4  Nxb4  21. Bxb4
Rb8  22. Ra4  Qb7
23. Re4  cxb4  24. h4
Qb5  25. Kg2  Be7
26. Ne5  Ra6  27. Qc4
Qb7  28. Kh2  Rc8
29. Qd4  Bc5  30. Qd7
Qxd7  31. Nxd7  Bxf2
32. Rexb4  Rd6  33. Ne5
f6  34. Ng4  Be1
35. Re4  Rc2+  36. Kh3
Rc1  37. Rac4  Rxc4
38. dxc4  Bxa5  39. c5
Rc6  40. b4  f5
41. Ne5  Rxc5  42. bxc5  fxe4
43. Kg2  Bc7  44. Nc4
a5  45. g4  a4
46. Kf2  Bf4  47. c6  Kf7
48. Na3  Ke7  49. Nb5
Bc1  50. Ke2  a3
51. Nc3  Bb2  52. Na2
Kd6  53. Ke3  Kxc6
54. Kxe4  Kc5  0-1

[Event "MARIENBAD OPEN 2019 - A2 - GM"]
[Site "Polonia hotel, Marianske Lazne"]
[Date "2019.01.22"]
[Round "4"]
[White "Swayams, Mishra"]
[Black "Liu, Guanchu"]
[Result "1/2-1/2"]
[WhiteElo "2432"]
[BlackElo "2425"]
[EventDate "2019.01.19"]

1. d4  Nf6  2. c4  e6
3. Nc3  Bb4  4. e3
b6  5. Nge2  Ba6
6. a3  Bxc3+  7. Nxc3
d5  8. Be2  Bxc4
9. Bxc4  dxc4  10. Qa4+
Nbd7  11. O-O  O-O
12. Qxc4  c5  13. b4
Rc8  14. Bb2  cxb4
15. Qxb4  Nb8  16. Rac1
Nc6  17. Qa4  1/2-1/2

[Event "MARIENBAD OPEN 2019 - A2 - GM"]
[Site "Polonia hotel, Marianske Lazne"]
[Date "2019.01.22"]
[Round "4"]
[White "Kriebel, Tadeas"]
[Black "Simacek, Pavel"]
[Result "1-0"]
[WhiteElo "2519"]
[BlackElo "2481"]
[EventDate "2019.01.19"]

1. e4  e5  2. Nf3  Nc6
3. Bb5  a6  4. Ba4
Nf6  5. O-O  Nxe4
6. d4  b5  7. Bb3
d5  8. dxe5  Be6
9. Qe2  Be7  10. Rd1
O-O  11. c4  bxc4
12. Bxc4  Bc5  13. Be3
Bxe3  14. Qxe3  Qb8
15. Bb3  Qb6  16. Qxb6
cxb6  17. Na3  Rfd8
18. Nc2  Na5  19. Nb4
Nxb3  20. axb3  a5
21. Nc6  Re8  22. b4
Bd7  23. Rac1  Rac8
24. b5  Nc5  25. Nfd4
g6  26. b4  axb4
27. Nxb4  Rxe5  28. f4
Rh5  29. f5  Ne4
30. Rxc8+  Bxc8  31. Nxd5
Bxf5  32. Nxf5  gxf5
33. Nxb6  Nc3  34. Nd5
Nxd1  35. b6  Nc3
36. Nf6+  Kf8  37. b7
Ne2+  38. Kf2  1-0

[Event "MARIENBAD OPEN 2019 - B1 - IM"]
[Site "Polonia hotel, Marianske Lazne"]
[Date "2019.01.22"]
[Round "4"]
[White "Sernecki, Franciszek"]
[Black "Nagy, Gabor"]
[Result "1/2-1/2"]
[WhiteElo "2278"]
[BlackElo "2479"]
[EventDate "2019.01.19"]

1. c4  c5  2. Nc3  Nc6
3. g3  g6  4. Bg2
Bg7  5. e3  Nf6
6. Nge2  O-O  7. O-O  d6
8. d4  cxd4  9. Nxd4
Ng4  10. b3  Nge5
11. h3  Rb8  12. Bb2
Bd7  13. Rc1  a6
14. f4  Nxd4  15. exd4
Nc6  16. Ne2  e6
17. Ba3  Qc7  18. d5
exd5  19. Qxd5  Qb6+
20. Kh2  Rfe8  21. Rce1
Rbd8  22. Qd2  Qe3
23. Bc1  Qxd2  24. Bxd2
b5  25. cxb5  axb5
26. Nc3  Nb4  27. a4
1/2-1/2

[Event "MARIENBAD OPEN 2019 - B1 - IM"]
[Site "Polonia hotel, Marianske Lazne"]
[Date "2019.01.22"]
[Round "4"]
[White "Gorbatov, Alexej"]
[Black "Baum, Jonasz"]
[Result "1/2-1/2"]
[WhiteElo "2389"]
[BlackElo "2302"]
[EventDate "2019.01.19"]

1. e4  c5  2. Nc3  Nc6
3. g3  g6  4. Bg2
Bg7  5. d3  d6
6. Be3  Nf6  7. h3  Nd4
8. Nge2  e5  9. O-O
O-O  10. f4  b5
11. a3  Bb7  12. g4  Nxe2+
13. Nxe2  exf4  14. Nxf4
Re8  15. Bf2  Qc7
16. Bg3  Rad8  17. Kh2
Qc8  18. Qd2  h6
19. Rf2  d5  20. Nxd5
Nxd5  21. exd5  Bxd5
22. Bxd5  Rxd5  23. Raf1
Re7  24. b3  Qd7
25. Re2  Rxe2+  26. Qxe2
c4  27. bxc4  bxc4
28. Rf3  cxd3  29. Rxd3
Rxd3  30. Qxd3  Qxd3
31. cxd3  Bb2  32. a4
Kg7  33. Bf4  g5
34. Be3  a6  35. Kg3
Kg6  36. Kf3  f5
37. Bc5  h5  38. Be3
Be5  39. Bd2  Bd4
40. Bc1  Bb6  41. Bd2
Bd8  42. Be3  Bc7
1/2-1/2

[Event "MARIENBAD OPEN 2019 - B1 - IM"]
[Site "Polonia hotel, Marianske Lazne"]
[Date "2019.01.22"]
[Round "4"]
[White "Jasny, Stanislav"]
[Black "Kornitzky, Tino"]
[Result "1-0"]
[WhiteElo "2365"]
[BlackElo "2133"]
[EventDate "2019.01.19"]

1. d4  Nf6  2. c4  e6
3. Nf3  d5  4. Nc3
Nbd7  5. Bg5  c6
6. cxd5  exd5  7. e3
Be7  8. Bd3  Nh5
9. Bxe7  Qxe7  10. O-O
g6  11. Qb1  O-O
12. b4  a6  13. a4
Nb6  14. b5  cxb5
15. a5  b4  16. Na2
Nd7  17. Qxb4  Qxb4
18. Nxb4  Ndf6  19. Rfc1
Ng7  20. h3  Ne6
21. Ne5  Rd8  22. f3
Bd7  23. Ng4  Nxg4
24. hxg4  Be8  25. Kf2
Rd6  26. Ra3  Kg7
27. Rac3  Rad8  28. Rc8
Bc6  29. Rxd8  Nxd8
30. Rb1  Bd7  31. Rc1
Nc6  32. Nxc6  Bxc6
33. Ke2  h6  34. Kd2
Re6  35. Rc5  Rd6
36. Rc1  Re6  37. Rb1
Kf6  38. Be2  Rd6
39. Rc1  Re6  40. Rc5
Rd6  41. Bd1  Ke7
42. Bb3  f5  43. gxf5
gxf5  44. Ke2  Kf6
45. Kf2  Rd7  46. Bd1
Ke6  47. Be2  Kd6
48. Rc1  Rf7  49. Rh1
Rf6  50. Bd3  Kc7
51. Ra1  Rf7  52. Ra2
Kd6  53. Kg3  Rf6
54. Kf4  Ke6  55. Rc2
Rf8  56. Rb2  Rf6
57. Rb6  Rf7  58. Bxa6
Kd6  59. Bd3  Ke6
60. a6  1-0

[Event "MARIENBAD OPEN 2019 - B1 - IM"]
[Site "Polonia hotel, Marianske Lazne"]
[Date "2019.01.22"]
[Round "4"]
[White "Mica, Marek"]
[Black "Patil, Mitali"]
[Result "1-0"]
[WhiteElo "2212"]
[BlackElo "2062"]
[EventDate "2019.01.19"]

1. d4  d5  2. c4  e6
3. Nc3  Nf6  4. cxd5
exd5  5. Bg5  c6
6. e3  Be7  7. Qc2
Nbd7  8. Bd3  h6
9. Bh4  Nh5  10. Bxe7
Qxe7  11. Nf3  Nf4
12. O-O  Nxd3  13. Qxd3
Nf6  14. Ne5  Ng4
15. Nxg4  Bxg4  16. Rab1
O-O  17. b4  a6
18. a4  Rfe8  19. Rb2  Qg5
20. Kh1  Re6  21. Rg1
Rae8  22. b5  axb5
23. axb5  f5  24. bxc6
bxc6  25. Qd2  Rg6
26. Qc1  Qf6  27. f3
Bh5  28. Ne2  Rg5
29. Nf4  Bf7  30. Nd3
Rh5  31. g3  g5
32. f4  gxf4  33. gxf4+  Kh8
34. Ne5  Rh3  35. Qd2
Bh5  36. Rg3  Rxg3
37. hxg3  c5  38. dxc5
Qa6  39. Qd4  Kg8
40. Qxd5+  Kh8  41. Qd4
Qf1+  42. Kh2  Kg8
43. Qd5+  Kh8  44. Qd6
Kg7  45. Rb7+  Kg8
46. Qd5+  Kh8  47. Ng6+
Bxg6  48. Qd4+  1-0

[Event "MARIENBAD OPEN 2019 - B2 - IM"]
[Site "Polonia hotel, Marianske Lazne"]
[Date "2019.01.22"]
[Round "4"]
[White "Jurek, Josef"]
[Black "Cerveny, Petr"]
[Result "1-0"]
[WhiteElo "2273"]
[BlackElo "2318"]
[EventDate "2019.01.19"]

1. Nf3  d6  2. d4  Nf6
3. c4  g6  4. g3
Bg7  5. Bg2  O-O
6. Nc3  Nc6  7. O-O
a6  8. d5  Na5
9. Nd2  c5  10. Qc2  b5
11. cxb5  axb5  12. Nxb5
Qb6  13. Nc3  Bf5
14. e4  Bc8  15. h3
Ba6  16. Re1  Nd7
17. Nf3  Rfb8  18. Rb1
Qb4  19. Bg5  Kf8
20. e5  Nxe5  21. Nxe5
dxe5  22. d6  exd6
23. Be7+  Kg8  24. Bxd6
Nc4  25. Bxb8  Rxb8
26. a3  Qb6  27. Nd5
Qd6  28. Red1  Bf8
29. Nb4  cxb4  30. Rxd6
Bxd6  31. axb4  Rxb4
32. Bd5  Bf8  33. Bxc4
Bxc4  34. Ra1  Kg7
35. Ra8  Be6  36. Rxf8
Rc4  37. Qxc4  Bxc4
38. Re8  Kf6  39. b4
g5  40. f3  1-0

[Event "MARIENBAD OPEN 2019 - B2 - IM"]
[Site "Polonia hotel, Marianske Lazne"]
[Date "2019.01.22"]
[Round "4"]
[White "Plischki, Sebastian"]
[Black "Kacharava, Nikolozi"]
[Result "1/2-1/2"]
[WhiteElo "2426"]
[BlackElo "2397"]
[EventDate "2019.01.19"]

1. d4  d5  2. c4  dxc4
3. e3  e6  4. Bxc4
Nf6  5. Nf3  c5
6. O-O  a6  7. b3  Nc6
8. Bb2  cxd4  9. Nxd4
Bd7  10. Nd2  Be7
11. N4f3  O-O  12. Qe2
Qa5  13. a3  Rfd8
14. b4  Qh5  15. Rfd1
1/2-1/2

[Event "MARIENBAD OPEN 2019 - B2 - IM"]
[Site "Polonia hotel, Marianske Lazne"]
[Date "2019.01.22"]
[Round "4"]
[White "Stigar, Petter"]
[Black "Frolov, Artur"]
[Result "1/2-1/2"]
[WhiteElo "2177"]
[BlackElo "2430"]
[EventDate "2019.01.19"]

1. Nf3  f5  2. g3  b6
3. Bg2  Bb7  4. O-O
Nf6  5. c4  c5
6. Nc3  g6  7. d3  Bg7
8. Re1  O-O  9. e4
fxe4  10. dxe4  Nc6
11. e5  Ng4  12. Bf4 Nh6
13. Qd2  Nf5  14. Rad1
d6  15. exd6  exd6
16. Nb5  h6  17. Nxd6
Nxd6  18. Bxd6  Rf7
19. Ne5  Nxe5  20. Bxe5
Qxd2  21. Rxd2  Re8
22. Bxb7  Rxb7  23. Rde2
Rbe7  24. f4  Kf7
25. Kf2  1/2-1/2

[Event "MARIENBAD OPEN 2019 - C - FIDE open"]
[Site "Polonia hotel, Marianske Lazne"]
[Date "2019.01.22"]
[Round "4"]
[White "Shagbazyan, Taron"]
[Black "Qiu, Mengjie"]
[Result "1-0"]
[WhiteElo "2415"]
[BlackElo "2247"]
[PlyCount "137"]
[EventDate "2019.01.19"]

1. d4 Nf6 2. c4 e6 3. Nc3 Bb4 4. e3 O-O 5. Bd3 d5 6. Nf3 b6 7. O-O Bb7 8. cxd5
exd5 9. a3 Bd6 10. b4 a6 11. Qb3 Qe7 12. Rb1 Nbd7 13. a4 Rfd8 14. b5 a5 15. Ra1
Rac8 16. Ba3 Re8 17. Rfc1 Bxa3 18. Qxa3 Qxa3 19. Rxa3 c5 20. bxc6 Rxc6 21. Bb5
Rc7 22. Ne2 Rxc1+ 23. Nxc1 Rc8 24. Nd3 Kf8 25. g4 h6 26. Rb3 Bc6 27. Nfe5 Bxb5
28. Rxb5 Rc3 29. Nxd7+ Nxd7 30. Nf4 Rc4 31. Nxd5 Rxa4 32. Nxb6 Ra1+ 33. Kg2 Nf6
34. Kf3 a4 35. Nd5 Nxd5 36. Rxd5 a3 37. Ra5 Ke7 38. Ra7+ Ke6 39. Ke4 a2 40.
Ra6+ Kd7 41. Ke5 Kc7 42. d5 Kb7 43. Ra3 Kc7 44. h3 g5 45. d6+ Kc6 46. Rc3+ Kb6
47. Rc2 Kb7 48. Rd2 Kc8 49. e4 Kd7 50. f3 Kd8 51. h4 gxh4 52. f4 Kd7 53. f5 h3
54. Rh2 Re1 55. Rxa2 f6+ 56. Kxf6 Rxe4 57. Ra3 h5 58. g5 Rh4 59. g6 h2 60. g7
h1=Q 61. g8=Q Kxd6 62. Qe6+ Kc5 63. Qe3+ Kb5 64. Qe5+ Kc4 65. Qc3+ Kd5 66. Ra5+
Ke4 67. Re5+ Kf4 68. Qe3+ Kg4 69. Qg5+ 1-0

[Event "MARIENBAD OPEN 2019 - C - FIDE open"]
[Site "Polonia hotel, Marianske Lazne"]
[Date "2019.01.22"]
[Round "4"]
[White "Svanda, Ondrej"]
[Black "Chkhaidze, Nikoloz"]
[Result "1/2-1/2"]
[WhiteElo "2215"]
[BlackElo "2290"]
[PlyCount "85"]
[EventDate "2019.01.19"]

1. c4 e6 2. Nf3 Nf6 3. g3 d5 4. Bg2 dxc4 5. Qa4+ Nbd7 6. O-O c5 7. Qxc4 b6 8.
Rd1 Bb7 9. Nc3 Rc8 10. d4 a6 11. Qd3 b5 12. dxc5 Bxc5 13. Ne5 Bxg2 14. Nxd7
Qxd7 15. Qxd7+ Nxd7 16. Kxg2 Ke7 17. Bd2 Nf6 18. Bg5 h6 19. Bxf6+ gxf6 20. Ne4
Bb6 21. Rd6 Rb8 22. Rad1 Rhd8 23. Rxd8 Rxd8 24. Rxd8 Bxd8 25. Nc5 a5 26. e3 Bb6
27. Ne4 f5 28. Nd2 Kd6 29. Kf3 Bd8 30. Ke2 h5 31. Kd3 Bf6 32. b3 Kd5 33. Nb1
Kc5 34. Na3 a4 35. Nc2 axb3 36. axb3 Bb2 37. Kd2 e5 38. Kd3 e4+ 39. Kd2 Be5 40.
h4 f6 41. Ke2 Bc3 42. Kd1 Kd5 43. Ke2 1/2-1/2

[Event "MARIENBAD OPEN 2019 - C - FIDE open"]
[Site "Polonia hotel, Marianske Lazne"]
[Date "2019.01.22"]
[Round "4"]
[White "Lys, Josef"]
[Black "Sprenar, Petr"]
[Result "1/2-1/2"]
[WhiteElo "2134"]
[BlackElo "2236"]
[PlyCount "118"]
[EventDate "2019.01.19"]

1. d4 e6 2. c4 d5 3. Nc3 Bb4 4. Qa4+ Nc6 5. e3 Nf6 6. Bd2 Bd7 7. Qc2 O-O 8. Nf3
Re8 9. a3 Bf8 10. Rd1 Ne7 11. Bd3 Ng6 12. O-O dxc4 13. Bxc4 c5 14. d5 exd5 15.
Nxd5 Ne4 16. Nc3 Nd6 17. Bd5 Qc7 18. h3 Rac8 19. e4 b5 20. Rfe1 b4 21. Ne2 a5
22. Nf4 Bc6 23. Qxc5 Nxe4 24. Qxc6 Qxc6 25. Bxc6 Rxc6 26. Nxg6 hxg6 27. axb4
axb4 28. Ng5 Nf6 29. Rxe8 Nxe8 30. Rc1 Rxc1+ 31. Bxc1 f6 32. Ne6 Bd6 33. Kf1
Kf7 34. Nd4 Be5 35. Nc6 Bd6 36. Bd2 b3 37. Na5 Ke6 38. Nxb3 Kd5 39. Nc1 Be5 40.
b3 Nd6 41. Ke2 Nf5 42. Kd3 Nh4 43. g3 Nf3 44. Be3 g5 45. Ne2 Ne1+ 46. Kd2 Nf3+
47. Kc2 Ne1+ 48. Kd1 Nf3 49. Ba7 Ke4 50. b4 Bd6 51. b5 Kd3 52. Be3 Ne5 53. Nd4
g6 54. b6 Nc4 55. Nc2 f5 56. b7 Na5 57. Bxg5 Nxb7 58. Ne1+ Ke4 59. Ke2 Nc5
1/2-1/2

[Event "MARIENBAD OPEN 2019 - C - FIDE open"]
[Site "Polonia hotel, Marianske Lazne"]
[Date "2019.01.22"]
[Round "4"]
[White "Kushko, Dmitriy"]
[Black "Lukasiewicz, Anna"]
[Result "1-0"]
[WhiteElo "2270"]
[BlackElo "2065"]
[PlyCount "91"]
[EventDate "2019.01.19"]

1. Nf3 d5 2. g3 Nf6 3. Bg2 c6 4. O-O Bg4 5. d3 Nbd7 6. h3 Bxf3 7. Bxf3 e6 8.
Bg2 Qb6 9. e4 dxe4 10. dxe4 e5 11. Nd2 Be7 12. Nc4 Qc7 13. Kh1 O-O 14. f4 Rad8
15. Qe2 b5 16. Ne3 Rfe8 17. f5 h6 18. h4 Nh7 19. Ng4 Ndf6 20. Nf2 Nd7 21. Bf3
Bf6 22. Kg2 Nb6 23. Rh1 Qe7 24. Ng4 Qb4 25. Nxf6+ Nxf6 26. g4 Qc4 27. Re1 Qxe2+
28. Rxe2 Rd1 29. g5 hxg5 30. hxg5 Nfd7 31. Kg3 Kf8 32. Rh2 Rd6 33. b3 Ke7 34.
Be3 b4 35. a3 a5 36. axb4 axb4 37. Ra7 Kd8 38. Rh7 Nc8 39. Rb7 Rg8 40. Bh5 g6
41. fxg6 fxg6 42. Bg4 Nf8 43. Bb6+ Ke8 44. Bxc8 Nxh7 45. Rxh7 Rd2 46. Be6 1-0

[Event "MARIENBAD OPEN 2019 - C - FIDE open"]
[Site "Polonia hotel, Marianske Lazne"]
[Date "2019.01.22"]
[Round "4"]
[White "Nemec, Pavel"]
[Black "Shintre, Neel"]
[Result "1/2-1/2"]
[WhiteElo "2232"]
[BlackElo "2053"]
[PlyCount "120"]
[EventDate "2019.01.19"]

1. e4 Nf6 2. e5 Nd5 3. d4 d6 4. c4 Nb6 5. exd6 exd6 6. Be2 Nc6 7. h3 Be7 8. Nf3
Bf5 9. O-O O-O 10. Nc3 Bf6 11. d5 Ne5 12. Nd4 Bd7 13. b3 a5 14. Ne4 a4 15. Bb2
axb3 16. axb3 Qe7 17. Nxf6+ Qxf6 18. Qd2 Rxa1 19. Bxa1 Ra8 20. Bc3 Qd8 21. f4
Ng6 22. Bd3 Ra3 23. Bb2 Ra8 24. Nf3 Nh4 25. Qc3 Nxf3+ 26. Rxf3 f6 27. Qc2 h6
28. Rg3 Qe7 29. Kh2 Be8 30. Qc3 Kf8 31. Bf5 Bh5 32. Re3 Qd8 33. g4 Bf7 34. h4
Nd7 35. g5 Nc5 36. gxh6 gxh6 37. Re2 Ra2 38. Bb1 Ra6 39. Qg3 Nd7 40. Bf5 Rb6
41. Bxd7 Qxd7 42. Bxf6 Bh5 43. Re6 Qh7 44. f5 Ra6 45. Re7 Ra2+ 46. Kg1 Ra1+ 47.
Bxa1 Qxe7 48. Bd4 Qe4 49. Qg7+ Ke8 50. Qg8+ Kd7 51. Qe6+ Qxe6 52. fxe6+ Ke7 53.
Bg7 Bd1 54. Bxh6 Bxb3 55. Bg5+ Ke8 56. h5 Bxc4 57. h6 Bd3 58. Kf2 c6 59. Ke3
Bh7 60. Kd4 Bg6 1/2-1/2

[Event "MARIENBAD OPEN 2019 - C - FIDE open"]
[Site "Polonia hotel, Marianske Lazne"]
[Date "2019.01.22"]
[Round "4"]
[White "Kolakovic, Klaudio"]
[Black "Simet, Martin"]
[Result "0-1"]
[WhiteElo "2059"]
[BlackElo "2223"]
[PlyCount "82"]
[EventDate "2019.01.19"]

1. d4 Nf6 2. Nc3 d5 3. Bg5 Nbd7 4. Nf3 c6 5. e3 e6 6. Be2 Bd6 7. O-O Qc7 8. g3
b5 9. Bf4 a6 10. Re1 O-O 11. Bf1 e5 12. dxe5 Nxe5 13. Nxe5 Bxe5 14. Bxe5 Qxe5
15. Qd4 Qh5 16. Be2 Bg4 17. Bf1 Nd7 18. f4 Bf3 19. Be2 Bxe2 20. Rxe2 a5 21.
Rae1 b4 22. Na4 Nf6 23. Nc5 Rad8 24. Nb7 Rde8 25. Nc5 Qg4 26. Kg2 Ne4 27. Nxe4
Rxe4 28. Qb6 Rfe8 29. Qxc6 d4 30. h3 Qh5 31. g4 Qh4 32. Qb5 Qe7 33. Kf3 dxe3
34. Qxa5 g6 35. Qg5 Qd6 36. Kg3 f6 37. Qh6 g5 38. Rf1 Rxf4 39. Rxf4 Qxf4+ 40.
Kg2 Rd8 41. Qh5 Kg7 0-1

[Event "MARIENBAD OPEN 2019 - C - FIDE open"]
[Site "Polonia hotel, Marianske Lazne"]
[Date "2019.01.22"]
[Round "4"]
[White "Laurincova, Kristyna"]
[Black "Varitski, Igor"]
[Result "1-0"]
[WhiteElo "2044"]
[BlackElo "2209"]
[PlyCount "69"]
[EventDate "2019.01.19"]

1. e4 c6 2. Nc3 d5 3. Nf3 dxe4 4. Nxe4 Nf6 5. Ng3 h5 6. Bc4 Qa5 7. h3 h4 8. Nf1
Nbd7 9. Ne3 Ne5 10. Nxe5 Qxe5 11. d4 Qd6 12. c3 e6 13. Ng4 Nxg4 14. Qxg4 g6 15.
Bf4 Qd8 16. Be5 Rh5 17. f4 Be7 18. O-O-O Qa5 19. Kb1 Kf8 20. Bd3 Rf5 21. Rhe1
b5 22. Qe2 Qd8 23. Bxf5 exf5 24. Bg7+ Ke8 25. Bf6 Be6 26. Bxe7 Kxe7 27. d5 cxd5
28. Qxb5 Kf8 29. c4 Qd6 30. cxd5 Bd7 31. Qc4 a5 32. Rc1 Rc8 33. Qd4 Kg8 34.
Rxc8+ Bxc8 35. Re8+ 1-0